Artificial Neural Network Based Sensitivity Analysis of Small Signals Parameters of GaAs MESFET (Record no. 328092)
[ view plain ]
| 000 -LEADER | |
|---|---|
| fixed length control field | 00341 a2200109 4500 |
| 001 - CONTROL NUMBER | |
| control field | 93019 |
| 082 ## - DEWEY DECIMAL CLASSIFICATION NUMBER | |
| Classification number | PR 2373 |
| 090 ## - LOCALLY ASSIGNED LC-TYPE CALL NUMBER (OCLC); LOCAL CALL NUMBER (RLIN) | |
| -- | 44656 |
| -- | 44657 |
| 100 ## - MAIN ENTRY--PERSONAL NAME | |
| Personal name | Hamid Mahmood,Prof Dr Ahmad (Advisor) |
| 245 ## - TITLE STATEMENT | |
| Title | Artificial Neural Network Based Sensitivity Analysis of Small Signals Parameters of GaAs MESFET |
| Number of part/section of a work | xv,145p. |
| 500 ## - GENERAL NOTE | |
| General note | BE Project Report |
| 942 ## - ADDED ENTRY ELEMENTS (KOHA) | |
| Institution code [OBSOLETE] | CAE NUST |
| Call number prefix | PR 2373 |
| Withdrawn status | Lost status | Damaged status | Not for loan | Collection code | Permanent Location | Current Location | Date acquired | Total Checkouts | Full call number | Barcode | Date last seen | Price effective from | Koha item type |
|---|---|---|---|---|---|---|---|---|---|---|---|---|---|
| College of Aeronautical Engineering (CAE) | College of Aeronautical Engineering (CAE) | 04/03/2017 | PR 2373 | CAEPR-2373 | 04/05/2017 | 04/05/2017 | Book |
